000 00506nam a22001937a 4500
005 20251108174817.0
008 250721s2003 xx 000 0 eng d
020 _a1582348308
082 1 4 _aJ/F/WIN
100 1 _awinterson, jeanette
245 1 4 _athe king of capri /
264 1 _anew york :
_bbloomsbury children's books,
_c2003.
300 _a32P.
650 1 7 _aFICTION
653 _aناشئون صغار (10-14) سنة
700 1 _aray, jane
_eIllus.
942 _2ddc
_cBK
999 _c118634
_d118634